[Event "Stevenage 4NCL Easter op U2050"]
[Site "Stevenage"]
[Date "2019.04.19"]
[Round "1"]
[White "Gittens, Nathan L"]
[Black "Shearsby, Jude"]
[Result "1-0"]
[WhiteElo "1842"]
[BlackElo "1290"]
[PlyCount "67"]
[EventDate "2019.04.19"]
[EventType "swiss"]
[EventRounds "7"]
[EventCountry "ENG"]
[SourceTitle "CBM 190 Extra"]
[Source "ChessBase"]
[SourceDate "2019.07.15"]
[SourceVersion "1"]
[SourceVersionDate "2019.07.15"]
[SourceQuality "1"]

1. d4 Nf6 2. c4 g6 3. Nc3 Bg7 4. e4 d6 5. h3 0-0 6. Bg5 c5 7. d5 Nbd7 8. Nf3 Qb6 9. Qc2 a6 10. Be2 Re8 11. 0-0 Qc7 12. a4 b6 13. Nd2 e6 14. Rad1 exd5 15. cxd5 Bb7 16. Rfe1 h6 17. Bf4 Rab8 18. Bh2 Kh7 19. Kh1 Re7 20. Nc4 Ne8 21. f4 Ba8 22. e5 b5 23. axb5 axb5 24. Nxb5 Rxb5 25. Nxd6 Rb8 26. Nc4 Qb7 27. Bg4 Nb6 28. Ne3 Rd8 29. d6 Red7 30. f5 Bf8 31. e6 Rxd6 32. Bxd6 Bxd6 33. exf7 Qxf7 34. fxg6+ 1-0

[Event "BCF-chT3N 1617 (4NCL)"]
[Site "England"]
[Date "2017.02.12"]
[Round "6.91"]
[White "Gittens, Nathan L"]
[Black "Turner, John M"]
[Result "1/2-1/2"]
[WhiteElo "1826"]
[BlackElo "2019"]
[PlyCount "79"]
[EventDate "2016.11.26"]
[EventType "team-swiss"]
[EventRounds "11"]
[EventCountry "ENG"]
[SourceTitle "EXT 2019"]
[Source "ChessBase"]
[SourceDate "2018.10.10"]
[SourceVersion "1"]
[SourceVersionDate "2018.10.10"]
[SourceQuality "1"]
[WhiteTeam "3CS Oldham III"]
[BlackTeam "Holmes Chapel"]
[WhiteTeamCountry "ENG"]
[BlackTeamCountry "ENG"]

1. d4 d5 2. c4 dxc4 3. e4 e5 4. Nf3 exd4 5. Bxc4 Nc6 6. 0-0 Be6 7. Bxe6 fxe6 8. Qb3 Qd7 9. Qxb7 Rb8 10. Qa6 Bd6 11. Nbd2 Nf6 12. e5 Bxe5 13. Nc4 Bd6 14. Re1 0-0 15. Bg5 Nb4 16. Qxa7 Nc2 17. Bxf6 gxf6 18. Rec1 Ra8 19. Nb6 Rxa7 20. Nxd7 Nxa1 21. Nxf8 Kxf8 22. Rxa1 c5 23. Nd2 Ke7 24. Nc4 e5 25. g4 Ke6 26. f3 Bc7 27. Kf2 Kd5 28. b3 Ba5 29. a4 Bc3 30. Rb1 Rb7 31. Ke2 h5 32. h3 Rh7 33. Rf1 Rb7 34. Rb1 hxg4 35. hxg4 Rh7 36. Rf1 Rh2+ 37. Kd3 Rh3 38. Nb6+ Kc6 39. Nc4 Kd5 40. Nb6+ 1/2-1/2

[Event "BCF-chT3N 1617 (4NCL)"]
[Site "England"]
[Date "2016.11.26"]
[Round "1.66"]
[White "Gittens, Nathan L"]
[Black "Pollard, Matthew B"]
[Result "1/2-1/2"]
[WhiteElo "1826"]
[BlackElo "1727"]
[PlyCount "57"]
[EventDate "2016.11.26"]
[EventType "team-swiss"]
[EventRounds "11"]
[EventCountry "ENG"]
[SourceTitle "EXT 2019"]
[Source "ChessBase"]
[SourceDate "2018.10.10"]
[SourceVersion "1"]
[SourceVersionDate "2018.10.10"]
[SourceQuality "1"]
[WhiteTeam "3CS Oldham II"]
[BlackTeam "Manchester Manticores IV"]
[WhiteTeamCountry "ENG"]
[BlackTeamCountry "ENG"]

1. d4 Nf6 2. c4 c5 3. d5 b5 4. cxb5 a6 5. bxa6 g6 6. Nc3 Bxa6 7. Nf3 d6 8. g3 Bg7 9. Bg2 0-0 10. 0-0 Nbd7 11. Qc2 Qb6 12. h3 Rfb8 13. Rb1 Bc4 14. Nd2 Qa6 15. Nxc4 Qxc4 16. b3 Qa6 17. Rd1 Ne8 18. a4 Bxc3 19. Qxc3 Qxe2 20. Re1 Qh5 21. Rxe7 Qf5 22. Re4 Ndf6 23. Bb2 Rxb3 24. Qxb3 Nxe4 25. Bxe4 Qxe4 26. Bc3 Qxa4 27. Qb7 Ra7 28. Qb8 Ra8 29. Qb7 1/2-1/2

[Event "BCF-chT3S 1314 (4NCL)"]
[Site "England"]
[Date "2014.01.12"]
[Round "4.139"]
[White "Yiamakis, Albert"]
[Black "Gittens, Nathan L"]
[Result "1/2-1/2"]
[WhiteElo "1740"]
[BlackElo "1850"]
[PlyCount "64"]
[EventDate "2013.11.16"]
[EventType "team-swiss"]
[EventRounds "6"]
[EventCountry "ENG"]
[SourceTitle "EXT 2015"]
[Source "ChessBase"]
[SourceDate "2014.11.20"]
[SourceVersion "1"]
[SourceVersionDate "2014.11.20"]
[SourceQuality "1"]
[WhiteTeam "Guildford IV"]
[BlackTeam "3CS Oldham II"]
[WhiteTeamCountry "ENG"]
[BlackTeamCountry "ENG"]

1. Nf3 d5 2. c4 e6 3. g3 c6 4. Bg2 dxc4 5. Na3 Bxa3 6. bxa3 b5 7. Bb2 Nf6 8. 0-0 Bb7 9. a4 a6 10. Nd4 Nd5 11. axb5 axb5 12. a4 e5 13. Nf5 Qf6 14. e4 Nb4 15. f4 Nd7 16. fxe5 Nxe5 17. axb5 0-0 18. bxc6 Bxc6 19. Bd4 Nbd3 20. Qc2 Qe6 21. Qd1 g6 22. Rxa8 Rxa8 23. Ne3 h5 24. Qb1 Ng4 25. Nxg4 hxg4 26. Qc2 Rd8 27. Ba1 Bxe4 28. Qc3 Qb6+ 29. Kh1 Bxg2+ 30. Kxg2 Qc6+ 31. Kg1 Qc5+ 32. Kg2 Qc6+ 1/2-1/2

[Event "BCF-chT3 1011 (4NCL)"]
[Site "England"]
[Date "2010.11.06"]
[Round "1.45"]
[White "Gittens, Nathan L"]
[Black "Waterfield, John"]
[Result "1/2-1/2"]
[WhiteElo "1850"]
[BlackElo "2005"]
[PlyCount "42"]
[EventDate "2010.11.06"]
[EventType "team-swiss"]
[EventRounds "9"]
[EventCountry "ENG"]
[SourceTitle "CBM 139 Extra"]
[Source "ChessBase"]
[SourceDate "2011.01.05"]
[SourceVersion "1"]
[SourceVersionDate "2011.01.05"]
[SourceQuality "1"]
[WhiteTeam "3CS Oldham II"]
[BlackTeam "Gloucestershire Gambits"]
[WhiteTeamCountry "ENG"]
[BlackTeamCountry "ENG"]

1. d4 Nf6 2. c4 c5 3. d5 b5 4. cxb5 a6 5. b6 a5 6. Nc3 Ba6 7. e4 Bxf1 8. Kxf1 d6 9. Nf3 Nbd7 10. g3 g6 11. Kg2 Bg7 12. Nd2 Qxb6 13. f4 0-0 14. Re1 Qb7 15. Nf3 Nb6 16. Qe2 e6 17. dxe6 fxe6 18. Nb5 Qc6 19. Nxd6 Qxd6 20. e5 Qd5 21. exf6 Rxf6 1/2-1/2